Central Library OPAC University of Rajshahi

কোরান শরিফ / (Record no. 78383)

MARC details
000 -LEADER
fixed length control field 00819nam a22002417a 4500
001 - CONTROL NUMBER
control field 78383
003 - CONTROL NUMBER IDENTIFIER
rucl marc code BD-RjUL
005 - DATE AND TIME OF LATEST TRANSACTION
control field 20221016094745.0
008 - FIXED-LENGTH DATA ELEMENTS--GENERAL INFORMATION
fixed length control field 210915n bg ||||| |||| 00| 0 d
035 ## - SYSTEM CONTROL NUMBER
System control number (BD-RjUL)78383
040 ## - CATALOGING SOURCE
Original cataloging agency BD-RjUL
Language of cataloging eng
Transcribing agency BD-RjUL
041 ## - LANGUAGE CODE
Language code of text/sound track or separate title arb
Language code of text/sound track or separate title ben
082 ## - DEWEY DECIMAL CLASSIFICATION NUMBER
Classification number 297.1225
Author mark and year KOR
245 ## - TITLE STATEMENT
Title কোরান শরিফ /
Statement of responsibility, etc. তরজমা ও তফসীর মুহাম্মদ আলী হাসান
246 ## - VARYING FORM OF TITLE
Title proper/short title আল-কুরআনুল হাকিম
260 ## - PUBLICATION, DISTRIBUTION, ETC. (IMPRINT)
Place of publication, distribution, etc. ঢাকা :
Name of publisher, distributor, etc. ওসমানিয়া বুকডিপো,
300 ## - PHYSICAL DESCRIPTION
Pagination ৬৪৪ প.;
Size ২৫ সেমি.
650 ## - SUBJECT ADDED ENTRY--TOPICAL TERM
Topical term or geographic name as entry element কুরআন
9 (RLIN) 247935
Topical term or geographic name as entry element Quran
9 (RLIN) 247936
700 ## - ADDED ENTRY--PERSONAL NAME
Personal name হাসান, মুহাম্মদ আলী
942 ## - ADDED ENTRY ELEMENTS (KOHA)
Source of classification or shelving scheme Dewey Decimal Classification
Koha item type Books
Holdings
Lost status Source of classification or shelving scheme Damaged status Not for loan Collection code Permanent Location Current Location Shelving location Date acquired Source of acquisition Cost, normal purchase price Total Checkouts Full call number Date last seen Copy number Koha item type
  Dewey Decimal Classification   Not For Loan Non-fiction Central Library, University of Rajshahi Central Library, University of Rajshahi Reading Room 30/05/1967 Faroog Library 15.00   A 297.1225 KOR 15/09/2021 C-1 Books
  Dewey Decimal Classification   Not For Loan Non-fiction Central Library, University of Rajshahi Central Library, University of Rajshahi Reading Room 16/10/2022       A 297.1225 KOR 21-30Para 16/10/2022 C-1 Books